[Event "GER-ch Net blitz qual1"]
[Site "Playchess.com INT"]
[Date "2021.04.24"]
[Round "9"]
[White "Reindl, Jork"]
[Black "Kettner Nikolaus, Frank"]
[Result "1-0"]
[WhiteElo "1574"]
[BlackElo "1763"]
[PlyCount "125"]
[EventDate "2021.04.24"]
[EventType "swiss (blitz)"]
[EventRounds "11"]
[EventCountry "GER"]
[SourceTitle "CBM 202 Extra"]
[Source "ChessBase"]
[SourceDate "2021.07.31"]
[SourceVersion "1"]
[SourceVersionDate "2021.07.31"]
[SourceQuality "1"]

1. e4 c5 2. Nc3 d6 3. Bb5+ Nd7 4. Bxd7+ Bxd7 5. f4 Bc6 6. d3 g6 7. Nf3 Bg7 8. 0-0 e6 9. Rb1 Ne7 10. Be3 0-0 11. h3 a6 12. a3 b5 13. Qe1 Rb8 14. g4 f5 15. exf5 exf5 16. Qg3 Qd7 17. g5 a5 18. h4 b4 19. axb4 axb4 20. Nd1 Nd5 21. h5 Rfe8 22. Re1 Qb7 23. h6 Bh8 24. Nd2 Nxe3 25. Rxe3 Bd4 26. Kf1 Bxe3 27. Nxe3 Re7 28. Nec4 Rbe8 29. Nxd6 Qd7 30. Nxe8 Qxe8 31. Nc4 Re2 32. Rc1 Bg2+ 33. Kg1 Bd5 34. Kf1 Rg2 35. Qe1 Qxe1+ 36. Kxe1 Bxc4 37. dxc4 Rg4 38. Rd1 Rxf4 39. Rd8+ Kf7 40. Rd7+ Kg8 41. Rg7+ Kh8 42. Rc7 Kg8 43. Rxc5 Rg4 44. Rc8+ Kf7 45. Rh8 Rxg5 46. Rxh7+ Kg8 47. Rc7 Kh8 48. c5 f4 49. Kf2 Rh5 50. h7 g5 51. c6 g4 52. Rc8+ Kxh7 53. c7 Rh2+ 54. Kg1 Rxc2 55. Rf8 f3 56. c8Q Rxc8 57. Rxc8 g3 58. Rf8 f2+ 59. Kg2 Kg7 60. Rf3 Kh6 61. Kxg3 Kg5 62. Kxf2 b3 63. Rxb3 1-0

[Event "GER-ch NSV Online 1st"]
[Site "Playchess.com INT"]
[Date "2020.04.26"]
[Round "6"]
[White "Fiebig, Andre"]
[Black "Kettner Nikolaus, Frank"]
[Result "0-1"]
[WhiteElo "1280"]
[BlackElo "1950"]
[PlyCount "48"]
[EventDate "2020.04.26"]
[EventType "swiss (blitz)"]
[EventRounds "13"]
[EventCountry "GER"]
[SourceTitle "CBM 196 Extra"]
[Source "ChessBase"]
[SourceDate "2020.07.31"]
[SourceVersion "1"]
[SourceVersionDate "2020.07.31"]
[SourceQuality "1"]

1. d4 e6 2. c4 b6 3. Nf3 Bb7 4. Nc3 f5 5. g3 Bb4 6. Bg2 Nf6 7. 0-0 0-0 8. Qc2 d6 9. Bg5 Nbd7 10. a3 Bxc3 11. bxc3 Qe8 12. Rfe1 Ne4 13. h4 Ndf6 14. Bxf6 Nxf6 15. a4 a5 16. Rad1 h6 17. Nd2 Bxg2 18. Kxg2 Ng4 19. c5 dxc5 20. dxc5 Qc6+ 21. Nf3 Qxc5 22. Rd7 Qxf2+ 23. Kh1 Qxg3 24. Rg1 Nf2# 0-1

[Event "GER-ch Net Amateur Gr-B Vor3"]
[Site "Playchess.com INT"]
[Date "2020.04.16"]
[Round "7"]
[White "Kettner Nikolaus, Frank"]
[Black "Brunner, Sophia"]
[Result "0-1"]
[WhiteElo "1700"]
[BlackElo "1892"]
[PlyCount "116"]
[EventDate "2020.04.16"]
[EventType "swiss (blitz)"]
[EventRounds "9"]
[EventCountry "GER"]
[SourceTitle "CBM 195 Extra"]
[Source "ChessBase"]
[SourceDate "2020.05.31"]
[SourceVersion "1"]
[SourceVersionDate "2020.05.31"]
[SourceQuality "1"]

1. f4 d5 2. Nf3 Nf6 3. b3 c5 4. Bb2 Nc6 5. e3 Bg4 6. Bb5 e6 7. 0-0 a6 8. Bxc6+ bxc6 9. d3 Be7 10. Nbd2 0-0 11. Qe1 Bxf3 12. Nxf3 Rb8 13. Ne5 Qc7 14. g4 Nd7 15. g5 Nxe5 16. Bxe5 Bd6 17. Bb2 e5 18. Qh4 d4 19. Rf3 f5 20. gxf6 Rxf6 21. f5 dxe3 22. Kf1 Rbf8 23. Qg4 Qf7 24. Ke2 Rxf5 25. Rxf5 Qxf5 26. Qxf5 Rxf5 27. Kxe3 Rh5 28. Rh1 Kf7 29. h4 Ke6 30. Ke4 Be7 31. Ba3 Rxh4+ 32. Rxh4 Bxh4 33. Bxc5 Bf6 34. a4 h5 35. Bg1 g5 36. Bh2 g4 37. Ke3 h4 38. Bg1 g3 39. Kf3 Kf5 40. c4 Bg5 41. b4 Bd8 42. b5 cxb5 43. cxb5 axb5 44. axb5 Bc7 45. b6 Bb8 46. b7 Kg5 47. Kg2 Kg4 48. Kh1 Kf3 49. Bc5 h3 50. Kg1 g2 51. Kh2 Kg4 52. Bf2 e4+ 53. Kg1 exd3 54. Be3 Kg3 55. Bf2+ Kf3 56. Bh4 d2 57. Bg3 d1Q+ 58. Be1 Qxe1# 0-1

[Event "GER-ch Net Amateur Gr-B Vor2"]
[Site "Playchess.com INT"]
[Date "2020.04.15"]
[Round "8"]
[White "Heutling, Elina"]
[Black "Kettner Nikolaus, Frank"]
[Result "0-1"]
[WhiteElo "1700"]
[BlackElo "1617"]
[PlyCount "152"]
[EventDate "2020.04.15"]
[EventType "swiss (blitz)"]
[EventRounds "9"]
[EventCountry "GER"]
[SourceTitle "CBM 196 Extra"]
[Source "ChessBase"]
[SourceDate "2020.07.31"]
[SourceVersion "1"]
[SourceVersionDate "2020.07.31"]
[SourceQuality "1"]

1. e4 c5 2. Nf3 d6 3. d4 cxd4 4. Nxd4 Nf6 5. Nc3 a6 6. Qf3 e5 7. Nf5 b5 8. Bg5 Nbd7 9. 0-0-0 Qc7 10. Qd3 b4 11. Nd5 Nxd5 12. Qxd5 Bb7 13. Nxd6+ Bxd6 14. Qxd6 Qxd6 15. Rxd6 Bxe4 16. f3 Bg6 17. h4 f6 18. h5 Bf7 19. Be3 Ke7 20. Rd3 Rhc8 21. Be2 Rc7 22. Rhd1 Rac8 23. R3d2 Bxh5 24. Bxa6 Ra8 25. Bb5 Be8 26. Bxd7 Bxd7 27. Bc5+ Ke8 28. Bxb4 Rxa2 29. Kb1 Ra4 30. Ba3 Rb7 31. Ka2 Be6+ 32. b3 Raa7 33. Rd8+ Kf7 34. Rf8+ Kg6 35. Kb2 Rc7 36. g4 Rc6 37. Bb4 Rac7 38. Rd2 Rb7 39. Ba3 Ra6 40. Re8 Bf7 41. Red8 Rba7 42. Bc5 Ra2+ 43. Kc3 Rc7 44. b4 Ra3+ 45. Kb2 Rxf3 46. Rg2 Rf4 47. c3 Rb7 48. Rd3 Rc4 49. Kc2 h6 50. Rdd2 Kh7 51. Rd3 Bg6 52. Kd2 Bxd3 53. Kxd3 Rf4 54. Be3 Rf3 55. Ke2 Rh3 56. Kf2 Rc7 57. Bc5 Rxc3 58. Ke2 R3xc5 59. bxc5 Rxc5 60. Kf3 Rc4 61. Rd2 Rd4 62. Re2 Kg6 63. Kg3 Kg5 64. Rb2 Rxg4+ 65. Kf3 g6 66. Rb6 Rc4 67. Ra6 h5 68. Ra3 h4 69. Kg2 f5 70. Rb3 f4 71. Rd3 e4 72. Rd5+ Kg4 73. Rd6 g5 74. Ra6 Rc2+ 75. Kf1 Kf3 76. Ra3+ e3 0-1

[Event "GER-ch Net blitz qual4"]
[Site "Playchess.com INT"]
[Date "2020.03.23"]
[Round "5"]
[White "Kosovska, Olena"]
[Black "Kettner Nikolaus, Frank"]
[Result "0-1"]
[WhiteElo "1881"]
[BlackElo "1950"]
[PlyCount "66"]
[EventDate "2020.03.23"]
[EventType "swiss (blitz)"]
[EventRounds "9"]
[EventCountry "GER"]
[SourceTitle "CBM 195 Extra"]
[Source "ChessBase"]
[SourceDate "2020.05.31"]
[SourceVersion "1"]
[SourceVersionDate "2020.05.31"]
[SourceQuality "1"]

1. e4 c5 2. Nc3 d6 3. f4 a6 4. Nf3 b5 5. d4 cxd4 6. Nxd4 Bb7 7. Bd3 e5 8. Nf5 g6 9. Ng3 Bg7 10. f5 Nf6 11. 0-0 0-0 12. Bg5 Nbd7 13. Qd2 Qb6+ 14. Kh1 d5 15. exd5 Nxd5 16. Nce4 f6 17. Bh6 g5 18. Bxg7 Kxg7 19. c4 Nf4 20. cxb5 axb5 21. Rad1 Nc5 22. Qc2 Ncxd3 23. Rxd3 Nxd3 24. Qxd3 Bxe4 25. Qxe4 Rad8 26. Nh5+ Kh8 27. Qb4 Rf7 28. a4 Rb7 29. a5 Qc6 30. Ra1 Rbd7 31. h3 Rd2 32. Rg1 R2d3 33. a6 Rxh3# 0-1

[Event "Hannover Bezirks-ch A"]
[Site "Lehrte"]
[Date "2019.10.05"]
[Round "6.6"]
[White "Kettner Nikolaus, Frank"]
[Black "Herrmann, Andreas"]
[Result "0-1"]
[WhiteElo "1881"]
[BlackElo "2079"]
[PlyCount "110"]
[EventDate "2019.10.03"]
[EventType "swiss"]
[EventRounds "7"]
[EventCountry "GER"]
[SourceTitle "EXT 2023"]
[Source "ChessBase"]
[SourceDate "2022.10.05"]
[SourceVersion "1"]
[SourceVersionDate "2022.10.05"]
[SourceQuality "1"]

1. f4 Nf6 2. Nf3 d5 3. b3 g6 4. Bb2 Bg7 5. e3 0-0 6. Be2 c5 7. 0-0 Nc6 8. a3 d4 9. exd4 Nd5 10. g3 cxd4 11. Bb5 Nc7 12. Bxc6 bxc6 13. Qe1 c5 14. d3 Nd5 15. Bc1 Bb7 16. Bd2 a5 17. a4 Nb4 18. Bxb4 cxb4 19. Nbd2 Ra6 20. Qf2 f6 21. Qe2 Re8 22. Ne4 Qd5 23. Qf2 Rd8 24. Ned2 e5 25. fxe5 fxe5 26. Ne4 Rf8 27. Qe2 Bh6 28. h3 Be3+ 29. Kh2 Kg7 30. Nh4 Raa8 31. Ng2 Bh6 32. Rxf8 Rxf8 33. Rf1 Kh8 34. Rxf8+ Bxf8 35. Qf2 Be7 36. Ne1 Qe6 37. Qf3 Bd5 38. g4 Kg7 39. Qd1 Qc6 40. Qe2 h6 41. Kg3 Bf7 42. Nf3 Qe6 43. Ned2 Bd6 44. Qe4 Bc7 45. Nc4 Kf6 46. h4 Be8 47. g5+ Kg7 48. gxh6+ Kxh6 49. Ng5 Qf5 50. Nd2 Bd7 51. Ndf3 Qf6 52. Qb7 Qf4+ 53. Kf2 e4 54. Nxe4 Qe3+ 55. Kg2 Bh3+ 0-1

[Event "Langenhagen Summer op 1st"]
[Site "Langenhagen"]
[Date "2019.07.05"]
[Round "3"]
[White "Schmidt Klie, Lasse"]
[Black "Kettner Nikolaus, Frank"]
[Result "0-1"]
[WhiteElo "1906"]
[BlackElo "1876"]
[PlyCount "60"]
[EventDate "2019.07.04"]
[EventType "swiss"]
[EventRounds "7"]
[EventCountry "GER"]
[SourceTitle "EXT 2020"]
[Source "ChessBase"]
[SourceDate "2019.10.17"]
[SourceVersion "1"]
[SourceVersionDate "2019.10.17"]
[SourceQuality "1"]

1. d4 f5 2. Nf3 b6 3. Bf4 e6 4. Nbd2 Bb7 5. e3 Nf6 6. Bd3 Be7 7. Qe2 Ne4 8. Ne5 0-0 9. f3 Nxd2 10. Kxd2 d6 11. Nc4 c5 12. c3 Nc6 13. Rad1 b5 14. Na3 a6 15. Ke1 Qb6 16. Bb1 e5 17. dxc5 dxc5 18. Bg3 f4 19. Bf2 Rad8 20. Rxd8 Rxd8 21. exf4 exf4 22. Qe6+ Kh8 23. Qf5 g6 24. Qxf4 Rf8 25. Qg3 Qd8 26. Be3 Bh4 27. Bxc5 Re8+ 28. Be4 Bxg3+ 29. hxg3 Qg5 30. Ke2 Qxc5 0-1

[Event "Langenhagen Summer op 1st"]
[Site "Langenhagen"]
[Date "2019.07.04"]
[Round "1"]
[White "Herrmann, Andreas"]
[Black "Kettner Nikolaus, Frank"]
[Result "1-0"]
[WhiteElo "2119"]
[BlackElo "1876"]
[PlyCount "83"]
[EventDate "2019.07.04"]
[EventType "swiss"]
[EventRounds "7"]
[EventCountry "GER"]
[SourceTitle "EXT 2020"]
[Source "ChessBase"]
[SourceDate "2019.10.17"]
[SourceVersion "1"]
[SourceVersionDate "2019.10.17"]
[SourceQuality "1"]

1. d4 f5 2. Nf3 Nf6 3. Bf4 e6 4. e3 b6 5. Nbd2 Bb7 6. Be2 Be7 7. h3 0-0 8. 0-0 h6 9. Bh2 Nc6 10. c3 Bd6 11. Ne5 Qe8 12. Ndc4 Bxe5 13. dxe5 Ne4 14. Bh5 g6 15. Be2 Ng5 16. f4 Ne4 17. Bf3 Ne7 18. Re1 Bd5 19. Na3 Bc6 20. c4 a6 21. Nc2 Bb7 22. Nd4 Rb8 23. Rc1 Kh7 24. Ne2 Rg8 25. Nc3 Nxc3 26. Rxc3 Bxf3 27. Qxf3 g5 28. e4 g4 29. Qe2 Qf7 30. Rd1 Rbd8 31. hxg4 Rxg4 32. exf5 exf5 33. e6 Qg7 34. exd7 Ng8 35. Qc2 Qf7 36. Rd5 Ne7 37. Rd2 Ng8 38. c5 Rxd7 39. Rxd7 Qxd7 40. cxb6 Qd4+ 41. Kh1 cxb6 42. Qxf5+ 1-0

[Event "Langenhagen Summer op 1st"]
[Site "Langenhagen"]
[Date "2019.07.04"]
[Round "2"]
[White "Kettner Nikolaus, Frank"]
[Black "Celik, Abdullah1111"]
[Result "0-1"]
[WhiteElo "1876"]
[BlackElo "2054"]
[PlyCount "98"]
[EventDate "2019.07.04"]
[EventType "swiss"]
[EventRounds "7"]
[EventCountry "GER"]
[SourceTitle "EXT 2020"]
[Source "ChessBase"]
[SourceDate "2019.10.17"]
[SourceVersion "1"]
[SourceVersionDate "2019.10.17"]
[SourceQuality "1"]

1. f4 d5 2. Nf3 g6 3. e3 Bg7 4. g3 Nf6 5. Bg2 0-0 6. d3 b6 7. 0-0 Bb7 8. Nbd2 Nbd7 9. Ne5 c5 10. Ndf3 Qc7 11. Qe1 Rae8 12. h3 Nxe5 13. Nxe5 Nd7 14. Nxd7 Qxd7 15. g4 e5 16. f5 gxf5 17. gxf5 Bf6 18. e4 Kh8 19. Kh2 Rg8 20. Rg1 Qd8 21. Qe2 Bh4 22. Qh5 dxe4 23. dxe4 Bf2 24. Rf1 Qd4 25. Bg5 Bg3+ 26. Kh1 Qd6 27. Rad1 Qc6 28. Rd3 Bf4 29. Bxf4 exf4 30. Rxf4 c4 31. Rh4 Rg7 32. Rg3 Reg8 33. e5 Qxg2+ 34. Rxg2 Bxg2+ 35. Kh2 Bf1 36. Rg4 Be2 37. Kg3 Bxg4 38. hxg4 Rxg4+ 39. Qxg4 Rxg4+ 40. Kxg4 Kg7 41. Kg5 f6+ 42. Kf4 fxe5+ 43. Kxe5 Kf7 44. f6 b5 45. Kf5 a5 46. a3 b4 47. c3 bxc3 48. bxc3 a4 49. Kg5 Ke6 0-1